Kirchnerismo /
José Pablo Feinmann analiza las ideas que sustentan la democracia en el marco del cumplimiento de 30 años de continuidad democrática en la Argentina. Un despliegue de los pensamientos y las propuestas que fueron alimentando los distintos períodos de este proceso y, además, su particular mirada e int...
Guardado en:
| Autor Principal: | |
|---|---|
| Autor Corporativo: | |
| Formato: | |
| Publicado: |
Argentina,
2013
|
| Series: | Filosofía aquí y ahora. 30 años de Democracia
|
| Materias: | |
| Acceso en línea: | https://www.educ.ar/recursos/121070/kirchnerismo |
| Etiquetas: |
Agregar Etiqueta
Sin Etiquetas, Sea el primero en etiquetar este registro!
|
| LEADER | 01392ngm a22003255g 4500 | ||
|---|---|---|---|
| 001 | CEM.cems023439 | ||
| 008 | 130507s2013##################0###0#####d | ||
| 005 | 20250404144545.0 | ||
| 245 | 1 | 0 | |a Kirchnerismo / |c José Pablo Feinmann. |
| 260 | |a Argentina, |c 2013 | ||
| 300 | |a 28'. | ||
| 490 | 0 | |a Filosofía aquí y ahora. 30 años de Democracia | |
| 520 | |a José Pablo Feinmann analiza las ideas que sustentan la democracia en el marco del cumplimiento de 30 años de continuidad democrática en la Argentina. Un despliegue de los pensamientos y las propuestas que fueron alimentando los distintos períodos de este proceso y, además, su particular mirada e interpretación filosófica. | ||
| 500 | |a Consultar en ventanilla. | ||
| 590 | |a Identificación anterior registrada en SIABUC: D62G. | ||
| 538 | |a Soporte: DVD - Color: Si - Grabación DRD. | ||
| 100 | 1 | |a Feinmann, José Pablo | |
| 710 | 2 | |a Canal Encuentro. | |
| 082 | 1 | 0 | |/ FEI-8 |
| 653 | |a FILOSOFIA | ||
| 653 | |a FILOSOFIA AQUI Y AHORA | ||
| 653 | |a FEINMANN | ||
| 653 | |a HISTORIA | ||
| 653 | |a HISTORIA ARGENTINA | ||
| 653 | |a HISTORIA ARGENTINA CONTEMPORANEA | ||
| 653 | |a KIRCHNER, NESTOR | ||
| 653 | |a FERNANDEZ DE KIRCHNER, CRISTINA | ||
| 653 | |a SERIE DE TELEVISIÓN | ||
| 856 | |u https://www.educ.ar/recursos/121070/kirchnerismo | ||
| 859 | |a CEMS |b BIB. CEMS - Depto. Recursos Didacticos |h 100 |i FEI-8 |k DRD |p 2082.15 |t Ej.1 | ||
